LEADER 01769nam2-2200505---450 001 990003635420203316 005 20171023115012.0 010 $a978-2-07-011935-6$b(vol. 1) 010 $a978-2-07-011936-3$b(vol. 2) 035 $a000363542 035 $aUSA01000363542 035 $a(ALEPH)000363542USA01 035 $a000363542 100 $a20120307d2011----km-y0itay50------ba 101 $afre$ccze 102 $aFR 105 $ay|||z|||001yy 200 1 $aOeuvre$fMilan Kundera 205 $aÉd. définitive 210 $a[Paris]$cGallimard$d2011 215 $a2 volumi (XXIV, 1479 p.; 1308 p.)$d18 cm 225 2 $aBibliothèque de la Pléiade$v567- 568 300 $aIn custodia 327 1 $a1 / preface et biographie de l'oeuvre par François Ricard$a2 / biographie de l'oeuvre par François Ricard 410 0$1001000280276$12001$aBibliothèque de la Pléiade$v, 567-568 676 $a891.8635 700 1$aKUNDERA,$bMilan$0328616 701 1$aRICARD,$bFrançois$0611794 801 0$aIT$bsalbc$gISBD 912 $a990003635420203316 951 $aVI.4. Coll. 21/ 212 1$b6162 L.G.$cVI.4. Coll.$d00307909 951 $aVI.4. Coll. 21/ 212 1a$b5733 L.G.$cVI.4. Coll.$d00309266 951 $aVI.4. Coll. 21/ 212 2$b6163 L.G.$cVI.4. Coll.$d00307910 959 $aBK 969 $aUMA 979 $aIANNONE$b90$c20120307$lUSA01$h1243 979 $aIANNONE$b90$c20120307$lUSA01$h1248 979 $aIANNONE$b90$c20120307$lUSA01$h1249 979 $aIANNONE$b90$c20120307$lUSA01$h1250 979 $aIANNONE$b90$c20120307$lUSA01$h1301 979 $aIANNONE$b90$c20120307$lUSA01$h1302 979 $aIANNONE$b90$c20120307$lUSA01$h1340 979 $aANNAMARIA$b90$c20120405$lUSA01$h1217 996 $aOeuvre$91138650 997 $aUNISA LEADER 01669nam0-22004811i-450 001 990000017730203316 005 20210715150716.0 010 $a88-87027-13-7 035 $a0001773 035 $aUSA010001773 035 $a(ALEPH)000001773USA01 035 $a0001773 100 $a20000301d1998----|||y0itay0103----ba 101 0 $aita 105 $a||||||||001yy 200 1 $aTesti, manoscritti, ipertesti$ecompatibilità informatica e letteratura medievale : atti del convegno internazionale Firenze, Certosa del galluzzo, 31 maggio - 1 giugno 1996$fdi Lino Leonardi. 210 $aFirenze$cEdizioni del Galluzzo$dcopyr. 1998 215 $aVI, 209 p.$d25 cm. 225 $aMillennio medievale$v5. Atti dei convegni ; 2. - Testo in italiano, inglese e francese 610 $aCongressi Firenze 1996 610 $aManoscritti Catalogazione Automazione Congressi 1996 676 $a025.341 2085 702 1$aLEONARDI,$bLino 912 $a990000017730203316 951 $aV.5. Coll. 7/ 93 (XI B Coll. 83 A 2)$b147870 L.M. 959 $aBK 969 $aUMA 979 $c20000914$lUSA01$h1709 979 $c20000919$lUSA01$h1046 979 $c20000919$lUSA01$h1519 979 $c20001019$lUSA01$h1053 979 $c20001019$lUSA01$h1451 979 $c20001019$lUSA01$h1458 979 $c20001019$lUSA01$h1536 979 $c20001024$lUSA01$h1511 979 $c20001027$lUSA01$h1516 979 $c20001027$lUSA01$h1520 979 $c20001110$lUSA01$h1708 979 $c20001124$lUSA01$h1205 979 $c20020403$lUSA01$h1609 979 $aPATRY$b90$c20040406$lUSA01$h1603 996 $aTesti, manoscritti, ipertesti$9562982 997 $aUNISA